Memoria redactada y dirigida á la Exma. Diputación Provincial de Barcelona por el delegado de la misma al referido congreso, Ramón Codina Länglin...
MARC
| LEADER | 00000nam a2200000Ia 4500 | ||
|---|---|---|---|
| 001 | 12070 | ||
| 008 | 160829s1892 xx 000 0 cat d | ||
| 080 | |a S-1-25 | ||
| 100 | |a Codina Länglin, Ramón |9 31926 | ||
| 245 | |a Memoria redactada y dirigida á la Exma. Diputación Provincial de Barcelona por el delegado de la misma al referido congreso, Ramón Codina Länglin... | ||
| 260 | |a Barcelona : |b (Tip. de la Casa Provinical de Caridad), |c 1892 | ||
| 300 | |a 304 p. ; |c 26 cm | ||
| 590 | |a Abans del títol: El Congreso Internacional de Beneficencia pública de 1889 en París. La Organización general de la Beneficencia pública en Francia. Noticias referentes a algunos establecimientos benéficos extranjeros. Reformas para mejorar los servicios de los establecimientos benéficos de la província de Barcelona. | ||
| 650 | 0 | |a Beneficència |9 43515 | |
| 650 | 0 | |a Serveis socials |9 30783 | |
| 650 | |a Beneficència |x França |9 31928 | ||
| 700 | |a Congreso Internacional de Beneficencia Pública (1889 : París) |9 31929 | ||
| 901 | |a Arxiu | ||
| 942 | |n 1 | ||
| 952 | |0 0 |1 0 |4 0 |6 S125 |7 1 |9 45806 |a Arxiu |b Arxiu |d 2016-12-01 |l 0 |o S-1-25 |p 12070 |r 2016-12-01 00:00:00 |w 2016-12-01 |y ARXIU | ||
| 999 | |c 49306 |d 49306 | ||